• 首页
  • 本馆介绍
  • 公告通知
  • 最新文献
  • 馆藏检索
  • 电子资源
  • 读者导购
  • 参考咨询
  • 我的图书馆
  • 登录
  • 详细信息显示
  • 放入我的书架
  • 预约/预借图书
  • 作者相关作品
  • 分类相关作品
  • 丛书相关作品
  • 出版社相关作品

书目信息

  • 表格格式
  • 工作单格式
  • 卡片格式
题名:
转念
    
 
作者: 凯蒂 著 ;江月 译
分册:  
出版信息: 天津   天津人民出版社  2017
页数: 277页
开本: 21cm
丛书名:
单 册:
中图分类: B804-49
科图分类:
主题词: 思维方法--通俗读物
电子资源:
ISBN: 978-7-201-12131-4
000 01206nam0 2200253 450
001 5644
005 20180528213822.63
010    @a978-7-201-12131-4@dCNY38.00
100    @a20170905d2017 em y0chiy50 ea
101 1  @achi@ceng
102    @aCN@b120000
105    @ay z 000yy
200 1  @a转念@9zhuan nian@e发现并感知生命的另一种可能@f(美)拜伦·凯蒂著@g江月译
210    @a天津@c天津人民出版社@d2017
215    @a277页@d21cm
314    @a拜伦·凯蒂 (Byron Katie),享誉世界的心灵导师,一念之转创始人。
330    @a本书介绍了一种自我反省的形式——“功课”。它对于每一个想法均会提出四个问题。如 “这是真的吗?”“如果没有这个想法我会怎样?”,接着凯蒂会建议把这个想法反过来,考虑一下不同的选择,比如“让自己快乐”“让你的伴侣快乐”。最后,她建议了我们找到爱和接受自己的方法。本书将帮助你学到一种新的获得爱和认可的方式,并且在这个过程中,发现一种真诚的人际关系,从而更加爱自己,接受自己!
517 1  @a发现并感知生命的另一种可能@9fa xian bing gan zhi sheng ming de ling yi zhong ke neng
606 0  @a思维方法@j通俗读物
690    @aB804-49@v5
701  0 @c(美)@a凯蒂@9kai di@c(Katie, Byron)@4著
702  0 @a江月@9jiang yue@4译
801  0 @aCN@b91MARC@c20170905
905    @aMuseLib@dB804-49@e103
    
    转念:发现并感知生命的另一种可能/(美)拜伦·凯蒂著/江月译.-天津:天津人民出版社,2017
    277页;21cm
    
    
    ISBN 978-7-201-12131-4:CNY38.00
    本书介绍了一种自我反省的形式——“功课”。它对于每一个想法均会提出四个问题。如 “这是真的吗?”“如果没有这个想法我会怎样?”,接着凯蒂会建议把这个想法反过来,考虑一下不同的选择,比如“让自己快乐”“让你的伴侣快乐”。最后,她建议了我们找到爱和接受自己的方法。本书将帮助你学到一种新的获得爱和认可的方式,并且在这个过程中,发现一种真诚的人际关系,从而更加爱自己,接受自己!
●
相关链接 在E读中查询图书 在五车中查询图书 在当当中查询图书 在豆瓣中查询图书


正题名:转念     索取号:B804-49/103         预约/预借

序号 登录号 条形码 馆藏地/架位号 状态 备注
1 1114108   211141085   第一样本阅览室/ [索取号:B804-49/103] 在馆    
2 1114109   211141094   教育系资料室/ [索取号:B804-49/103] 在馆    
3 1114110   211141101   教育系资料室/ [索取号:B804-49/103] 在馆    
4 1114111   211141110   教育系资料室/ [索取号:B804-49/103] 在馆    
5 1114112   211141129   第一借阅区/ [索取号:B804-49/103] 在馆    
6 1114113   211141138   第一借阅区/ [索取号:B804-49/103] 在馆    
欢迎您!
大连网信软件有限公司© 版权所有